000 00370nam a2200145Ia 4500
008 231129s2000||||xx |||||||||||||| ||spa||
020 _a958-02-1484-0
040 _bspa
082 _a540 P221q
100 _aParga Lozano Diana Lineth
245 0 _aOlimpiadas Quimica
260 _c2000
264 _aVoluntad
942 _2ddc
_cBKS
999 _c22086
_d22086